Movies Quiz

Random Movies or Actress Quiz

Best Supporting Actress Movies Quiz Stats

 Plays Quiz not verified by Sporcle

Score 0/82 Timer 10:00
1 Play Today
Year Film % Correct
2017I, Tonya
94.2%
2002Chicago
93.5%
201312 Years a Slave
93.4%
2012Les Misérables
93.2%
1993The Piano
92.7%
2016Fences
92%
2009Precious: Based on the Novel 'Push' by Sapphire
91.6%
2015The Danish Girl
91.3%
1990Ghost
91%
2006Dreamgirls
90.8%
1992My Cousin Vinny
90%
2001A Beautiful Mind
90%
1999Girl, Interrupted
89.8%
2011The Help
89.2%
1979Kramer vs. Kramer
89%
1997L.A. Confidential
89%
1998Shakespeare in Love
89%
2003Cold Mountain
88.8%
2004The Aviator
87.2%
1939Gone with the Wind
86.8%
2007Michael Clayton
86.4%
2008Vicky Cristina Barcelona
86.2%
2014Boyhood
85.8%
1987Moonstruck
85.5%
1996The English Patient
85.1%
2005The Constant Gardener
84.5%
1961West Side Story
83.9%
1973Paper Moon
83.9%
Year Film % Correct
1986Hannah and Her Sisters
82.3%
1982Tootsie
80.6%
1995Mighty Aphrodite
80.6%
2000Pollock
78.6%
1989My Left Foot
78.4%
1994Bullets Over Broadway
78%
1988The Accidental Tourist
77.4%
1985Prizzi's Honor
75.2%
1954On the Waterfront
74.9%
1991The Fisher King
74.3%
1962The Miracle Worker
73.9%
1971The Last Picture Show
72.5%
1977Julia
72.3%
1974Murder on the Orient Express
71.5%
1976Network
70.7%
1953From Here to Eternity
70.5%
1969Cactus Flower
70.3%
1983The Year of Living Dangerously
70.1%
1951A Streetcar Named Desire
69.4%
2010The Fighter
69.4%
1967Bonnie and Clyde
68.8%
1968Rosemary's Baby
68.6%
1970Airport
68.6%
1966Who's Afraid of Virginia Woolf?
68.4%
1957Sayonara
67.6%
1981Reds
67.6%
1984A Passage to India
65.6%
1975Shampoo
65%
Year Film % Correct
1978California Suite
64.2%
1959The Diary of Anne Frank
62.9%
1942Mrs. Miniver
60.7%
1980Melvin and Howard
59.9%
1960Elmer Gantry
59.5%
1958Separate Tables
56%
1940The Grapes of Wrath
54.6%
1972Butterflies Are Free
54.4%
1947Gentleman's Agreement
53.6%
1949All the King's Men
53.4%
1955East of Eden
53.4%
1963The V.I.P.s
52.5%
1964Zorba the Greek
52.3%
1965A Patch of Blue
52.3%
1938Jezebel
49.7%
1950Harvey
47.5%
1948Key Largo
47.2%
1945National Velvet
41.5%
1943For Whom the Bell Tolls
41.3%
1946The Razor's Edge
40.9%
1952The Bad and the Beautiful
40.9%
1936Anthony Adverse
39.1%
1937In Old Chicago
38.3%
1956Written on the Wind
38.3%
1941The Great Lie
34.6%
1944None but the Lonely Heart
30.3%

You're not logged in!

Compare scores with friends on all Sporcle quizzes.
OR
Log In

You Might Also Like...

Show Comments

Extras

Top Quizzes Today


Score Distribution

Your Account Isn't Verified!

In order to create a playlist on Sporcle, you need to verify the email address you used during registration. Go to your Sporcle Settings to finish the process.

Report this User

Report this user for behavior that violates our Community Guidelines.

Details: